000 00934nam a2200217 4500
001 127031
003 ES-MaACL
005 20230906192929.0
007 t|
008 070214s1967 sp r ||||1| spa d
110 2 _aSodeis (Madrid).
_bGabinete de Estudios Económicos.
_96874
245 1 4 _aLas primeras empresas españolas
_b: estudio económico, financiero, bursátil /
_c[director de estudios, Santiago Ribes Picot] ; [realizadores, Juan Benigno Romero, Sebastián Gómez-Acebo, Rosa María Pascualena Cambra].
260 _aMadrid :
_bSociedad Editorial de Economía y Finanzas,
_c1967.
300 _a233 h. ;
_c28 cm.
700 1 _aRibes Picot, Santiago.
_996817
700 1 _aBenigno Romero, Juan.
_927592
700 1 _aGómez-Acebo, Sebastián.
_957799
700 1 _aPascualena Cambra, Rosa María.
_989410
710 2 _aSociedad Editorial de Economía y Finanzas (Madrid)
_96703
852 _aES-MaACL
_jC-31480
_bR.62135
999 _c127031
_d127031